[Event "Niederbayernliga 0405"]
[Site "Germany"]
[Date "2005.??.??"]
[Round "7"]
[White "Ederer, Lothar"]
[Black "Klinger, Joseph"]
[Result "1-0"]
[WhiteElo "1562"]
[BlackElo "1754"]
[PlyCount "77"]
[EventDate "2004.??.??"]
[EventType "team"]
[EventRounds "9"]
[EventCountry "GER"]
[SourceTitle "EXT 2008"]
[Source "ChessBase"]
[SourceDate "2007.11.25"]
[SourceVersion "1"]
[SourceVersionDate "2007.11.25"]
[SourceQuality "1"]
[WhiteTeam "Haselbach"]
[BlackTeam "Passau II"]
[WhiteTeamCountry "GER"]
[BlackTeamCountry "GER"]

1. e4 c5 2. c4 Nc6 3. f4 d6 4. Nf3 Bg4 5. Be2 e5 6. 0-0 Nf6 7. d3 Be7 8. Nc3 0-0 9. Nd5 Bxf3 10. Rxf3 Nxd5 11. cxd5 Nd4 12. Rh3 exf4 13. Bxf4 Bg5 14. Bd2 Bxd2 15. Qxd2 Qe7 16. Rf1 Rae8 17. Bf3 Qc7 18. Rg3 Re5 19. b3 f5 20. Qd1 Qa5 21. Rf2 Rf6 22. Qd2 Qxd2 23. Rxd2 fxe4 24. dxe4 Nxf3+ 25. gxf3 Kf7 26. Re2 h5 27. Kf2 g5 28. Ke3 Rg6 29. Reg2 h4 30. Rg4 Kf6 31. f4 gxf4+ 32. Rxf4+ Kg7 33. Rxg6+ Kxg6 34. Rxh4 Rg5 35. Kf4 b5 36. Rh8 Kg7 37. Rd8 Rg6 38. Rd7+ Kf6 39. Rxd6+ 1-0